Stadtteile in Düsseldorf nach Einwohnerzahl - Statistiken

Allgemein
  • Dieses Quiz wurde 84 mal gespielt
  • Das Durchschnittsergebnis liegt bei 29 aus 50
Antwortstatistiken
Einwohner Stadtteil % Korrekt
37.275 Bilk
86%
28.327 Oberbilk
86%
1906 Altstadt
81%
18.737 Rath
81%
15.772 Benrath
78%
20.654 Unterrath
78%
30.048 Eller
76%
28.003 Gerresheim
76%
17.613 Oberkassel
76%
17.853 Unterbilk
75%
19.377 Derendorf
73%
21.436 Flingern Nord
65%
9593 Flingern Süd
65%
7861 Kaiserswerth
63%
28.022 Pempelfort
63%
2210 Carlstadt
62%
18.210 Garath
60%
26.554 Wersten
60%
5429 Grafenberg
59%
3944 Hamm
59%
5623 Niederkassel
59%
9266 Heerdt
57%
4901 Lohausen
57%
5013 Stockum
56%
11.455 Golzheim
54%
7473 Lörick
54%
13.989 Mörsenbroich
54%
7826 Wittlaer
54%
3550 Reisholz
52%
13.041 Stadtmitte
52%
6061 Angermund
51%
25.907 Düsseltal
51%
7161 Unterbach
51%
10.453 Urdenbach
51%
127 Hafen
49%
1957 Itter
49%
10.436 Vennhausen
48%
17.839 Friedrichstadt
46%
17.205 Hassels
46%
1368 Himmelgeist
46%
1915 Kalkum
46%
9550 Lierenfeld
46%
6941 Ludenberg
46%
2492 Flehe
44%
6172 Hellerhof
44%
1947 Knittkuhl
44%
12.067 Holthausen
43%
5638 Lichtenbroich
43%
2164 Volmerswerth
41%
3468 Hubbelrath
40%
Keine übereinstimmenden Quizze gefunden
Verteilung der Resultate
Anzahl Personen mit jedem Resultat
Perzentil nach korrekt beantworteten Fragen
Ihre Resultats-Entwicklung
Sie haben dieses Quiz noch nicht gespielt